Inseln mit Anfangsbuchstabe H - Statistiken

Allgemein
  • Dieses Quiz wurde 40 mal gespielt
  • Das Durchschnittsergebnis liegt bei 7 aus 11
Antwortstatistiken
Hinweise Antwort % Korrekt
Zwischen Langer Anna und Südhafen wurde 1841 der Text der deutschen Nationalhymne gedichtet - damals war die kleine Insel allerdings noch britisch. Helgoland
97%
Die nördlichste Hauptinsel Japans verbindet man mit einer Kürbissorte, die gar nicht von hier stammt, und den Olympischen Winterspielen 1972. Hokkaido
95%
Größte Insel der gleichnamigen pazifischen Inselkette, die 1959 der 50. Bundesstaat der USA wurde. Bekannt für Vulkane und Iron Man-WM. Hawaii
92%
Die zweitgrößte Karibikinsel teilen sich Haiti und die Dominikanische Republik. Hispaniola
82%
Tokio, Fuji, Kyoto, Hiroshima, Nara-Park und Fukushima findet man auf der Hauptinsel Japans, zudem siebtgrößte der Welt. Honshu
82%
Satelliten, Versorgungsraumschiffe und Raumstationsmodule starten im Kosmodrom Wenchang auf der größten Insel der Volksrepublik China. Hainan
67%
Nebeninsel von Rügen mit langen Sandstränden sowie Haus und Grab von Gerhart Hauptmann. Hiddensee
59%
Eine nordfriesische Hallig mit hundert Einwohnern auf zehn Warften, und mehrfach jährlich Landunter. Hooge
46%
Längliche kroatische Adria-Insel. 1579 traf ein Blitz ein Schießpulverlager und zerstörte Festung und Altstadt des Hauptorts. Hvar
23%
Die größte Insel der Molukken hat nichts mit einer brettspielenden griechischen Göttin zu tun. Halmahera
18%
Die größte Insel an der norwegischen Küste wurde von Kaiser Wilhelm II. mehrfach zum Bergsteigen besucht. Hinnøya
5%
Keine übereinstimmenden Quizze gefunden
Verteilung der Resultate
Anzahl Personen mit jedem Resultat
Perzentil nach korrekt beantworteten Fragen
Ihre Resultats-Entwicklung
Sie haben dieses Quiz noch nicht gespielt